[Event "Let's Play Chess!"]
[Site "http://www.queenalice.com/game.php?id=1204787"]
[Date "2013.8.3"]
[Round "-"]
[White "ChessTitan1664"]
[Black "drbhat"]
[Result "0-1"]
[WhiteElo "1470"]
[BlackElo "1643"]

1. e4 c6 2. d4 d5 3. Nc3 dxe4 4. Bc4 f5 5. f3 b5 6. Bb3 Nf6 7. Bg5 a5 8. Bxf6
exf6 9. a3 Bd6 10. fxe4 fxe4 0-1

[Event "Let's Play Chess!"]
[Site "http://www.queenalice.com/game.php?id=1204788"]
[Date "2013.8.3"]
[Round "-"]
[White "josebaron"]
[Black "ChessTitan1664"]
[Result "1-0"]
[WhiteElo "1972"]
[BlackElo "1609"]

1. e4 g6 2. Bc4 Bg7 3. d3 c6 4. Nf3 d5 5. exd5 cxd5 6. Bb5+ Nc6 7. Bxc6+ bxc6 8.
d4 Nf6 9. h3 O-O 10. O-O Rb8 11. c3 a5 12. Nbd2 a4 13. Qxa4 Bd7 14. Qd1 Ne8 15.
Nb3 Nd6 16. Nc5 Nb7 17. Nxd7 Qxd7 18. Re1 Nd6 19. Ne5 Bxe5 20. Rxe5 Nc4 21. Re2
Rb7 22. b3 Nd6 23. Ba3 Ra8 24. Bb4 e6 25. Bxd6 Qxd6 26. Qc1 Qa3 27. Qxa3 Rxa3
28. f4 Rbxb3 29. axb3 1-0

[Event "AUTO-OPEN-3047"]
[Site "http://www.queenalice.com/game.php?id=1204949"]
[Date "2013.8.3"]
[Round "1"]
[White "ChessTitan1664"]
[Black "capablanca2014"]
[Result "0-1"]
[WhiteElo "1742"]
[BlackElo "1745"]

1. e4 d5 2. exd5 Qxd5 3. Nc3 Qd8 4. d4 Nf6 5. Bc4 c6 6. Nf3 Bf5 7. Bf4 e6 8. O-O
Nbd7 9. a3 Be7 10. h3 O-O 11. Nh4 Bg6 12. Nxg6 hxg6 13. Re1 Nd5 14. Nxd5 exd5
15. Bd3 Nf6 16. Re3 Bd6 17. Bxd6 Qxd6 18. Qe2 Rfe8 19. Re1 Rxe3 20. Qxe3 Re8 21.
Qd2 Re6 22. Re3 Rxe3 23. Qxe3 Kf8 24. f4 Qe7 25. Qxe7+ Kxe7 26. Kf2 Ne4+ 27.
Bxe4 dxe4 28. Ke3 f5 29. c4 Kd6 30. b4 b5 31. c5+ Kd5 32. h4 Kc4 33. g4 Kd5 34.
gxf5 gxf5 35. h5 a6 0-1

[Event "AUTO-OPEN-3049"]
[Site "http://www.queenalice.com/game.php?id=1205727"]
[Date "2013.8.6"]
[Round "1"]
[White "Licaon86"]
[Black "ChessTitan1664"]
[Result "1-0"]
[WhiteElo "1905"]
[BlackElo "1536"]

1. e4 g6 2. d4 Bg7 3. Nc3 c5 4. Nf3 cxd4 5. Nxd4 Nc6 6. Be3 Nf6 7. Qd2 d6 8. f3
O-O 9. O-O-O Bd7 10. g4 Rc8 11. h4 h5 12. gxh5 Nxh5 13. Rg1 1-0

[Event "AUTO-OPEN-3049"]
[Site "http://www.queenalice.com/game.php?id=1205728"]
[Date "2013.8.6"]
[Round "1"]
[White "ChessTitan1664"]
[Black "Licaon86"]
[Result "0-1"]
[WhiteElo "1540"]
[BlackElo "1904"]

1. d4 Nf6 2. c4 e6 3. Nc3 Bb4 4. Qc2 c5 5. Nf3 Nc6 6. e3 cxd4 7. exd4 d5 8. c5
Ne4 9. Be3 f5 10. a3 Bxc3+ 11. bxc3 Qa5 12. Bd2 O-O 0-1

[Event "AUTO-OPEN-3049"]
[Site "http://www.queenalice.com/game.php?id=1205755"]
[Date "2013.8.6"]
[Round "1"]
[White "ChessTitan1664"]
[Black "twiddledeedum"]
[Result "0-1"]
[WhiteElo "1482"]
[BlackElo "1772"]

1. d4 d5 2. c4 dxc4 3. e4 b5 4. a4 Ba6 5. axb5 Bxb5 6. Na3 c6 7. Bxc4 Bxc4 8.
Nxc4 e6 9. Nf3 Nf6 10. Qe2 Bb4+ 11. Bd2 Bxd2+ 12. Ncxd2 O-O 13. O-O a5 14. b3
Qe7 15. Nc4 c5 16. Rxa5 Rxa5 17. Nxa5 cxd4 18. Nxd4 Qc5 19. Nxe6 fxe6 20. Nc4
Nc6 21. Rd1 Ne5 22. Nxe5 Qxe5 0-1

[Event "AUTO-OPEN-3049"]
[Site "http://www.queenalice.com/game.php?id=1205756"]
[Date "2013.8.6"]
[Round "1"]
[White "twiddledeedum"]
[Black "ChessTitan1664"]
[Result "1-0"]
[WhiteElo "1776"]
[BlackElo "1475"]

1. e4 g6 2. d4 Bg7 3. e5 c5 4. c3 d6 5. f4 cxd4 6. cxd4 dxe5 7. fxe5 Nc6 8. Nf3
Bg4 9. Be3 Nh6 10. Be2 Nf5 11. Bf2 Rc8 12. Bb5 O-O 13. Bxc6 Rxc6 14. O-O Bh6 15.
Nc3 Be3 16. Re1 Bxf2+ 17. Kxf2 Bxf3 18. Qxf3 Nxd4 19. Qd1 Ne6 20. Qxd8 Rxd8 21.
Rad1 Rdc8 22. g3 1-0

[Event "AUTO-OPEN-3051"]
[Site "http://www.queenalice.com/game.php?id=1206516"]
[Date "2013.8.9"]
[Round "1"]
[White "II__KASPAROV__II"]
[Black "ChessTitan1664"]
[Result "1-0"]
[WhiteElo "1914"]
[BlackElo "1482"]

1. e4 d6 2. d4 Nf6 3. Nc3 g6 4. f4 Bg7 5. Nf3 O-O 6. Bd3 Na6 7. O-O c5 8. d5 Rb8
9. Qe2 Nc7 10. a4 a6 11. a5 Bg4 12. h3 Bxf3 13. Qxf3 Nd7 14. Bc4 1-0

[Event "AUTO-OPEN-3051"]
[Site "http://www.queenalice.com/game.php?id=1206517"]
[Date "2013.8.9"]
[Round "1"]
[White "ChessTitan1664"]
[Black "II__KASPAROV__II"]
[Result "0-1"]
[WhiteElo "1482"]
[BlackElo "1916"]

1. d4 Nf6 2. c4 g6 3. Nc3 Bg7 4. e4 d6 5. h3 O-O 6. Be3 e5 7. d5 Na6 8. Qd2 Nc5
9. Bd3 Nh5 10. Nge2 Nxd3+ 11. Qxd3 f5 12. f3 Nf4 0-1